000 00462nam a2200169Ia 4500
003 GCL
008 140319s9999 xx 000 0 eng d
040 _aGCL /
_cGCL
082 0 4 _a860
_bB G
100 1 _aBALLESTER, GONZALO
245 1 0 _aLOS GOZES Y LAS SOMBRAS III. LA LASCUA TRISTE /
_cBALLESTER, GONZALO
260 _a[S.N] :
_bEL LIBRO DE BOLSILLO ،
_c1983
300 _a464\P
650 0 4 _aLITERATURE
650 0 4 _aSPANISH LITERATURE
942 _2ddc
_cBK
999 _c12752
_d12752